00951nac a22002651u 4500010001600000020003500016082001800051090001500069100003400084245008700118260004800205300003300253440006100286500002600347504004100373511002600414650002000440650002400460650001500484700001500499700003000514942002000544999001500564952010600579 a 97029314 a3540761934 (pbk. : alk. paper)00a629.8312bDUG c7639d7639 a20080729 00aStability and control of time-delay systems /cL. Dugard and E.I. Verriest (eds.). aLondon ;aNew York :bSpringer,1998cc1998. axx, 317 p. :bill. ;c24 cm. 0aLecture notes in control and information sciences ;v228 adistributer: Al-Ahram aIncludes bibliographical references. acatalogued by: wessam 0aControl theory. 0aTime delay systems. 0aStability.1 aDugard, L.1 aVerriest, Erik I.,d1950- cBBk629.8312DUG c7639d7639 00104070aMAINbMAINc1STd2008-01-31ePurchasel0o629.8312DUGp000009288r2025-07-15 00:00:00yBB